| 000 | 00429nam a2200181Ia 4500 | ||
|---|---|---|---|
| 003 | OSt | ||
| 005 | 20230525145843.0 | ||
| 008 | 210210b1947 xxu||||| |||| 00| 0 eng d | ||
| 040 | _cAL | ||
| 041 | _aeng | ||
| 082 | _a823/191 | ||
| 100 |
_aSHAKESPEARE (William) _9113975 |
||
| 245 | _aMacbeth | ||
| 260 |
_aCambridge _bAt the University Press _c1947 |
||
| 690 |
_aEnglish Drama _9113976 |
||
| 906 | _a013741 | ||
| 942 |
_2ddc _cBK |
||
| 999 |
_c132756 _d132756 |
||